ISAC and ARIEL: The TRIUMF Radioactive Beam Facilities and the Scientific Program

The TRIUMF Isotope Separator and Accelerator (ISAC) facility uses the isotope separation on-line (ISOL) technique to produce rare-isotope beams (RIB). The ISOL system consists of a primary production beam, a target/ion source, a mass separator, and beam transport system. The rare isotopes produced d...

Πλήρης περιγραφή

Λεπτομέρειες βιβλιογραφικής εγγραφής
Συγγραφή απο Οργανισμό/Αρχή: SpringerLink (Online service)
Άλλοι συγγραφείς: Dilling, Jens (Επιμελητής έκδοσης), Krücken, Reiner (Επιμελητής έκδοσης), Merminga, Lia (Επιμελητής έκδοσης)
Μορφή: Ηλεκτρονική πηγή Ηλ. βιβλίο
Γλώσσα:English
Έκδοση: Dordrecht : Springer Netherlands : Imprint: Springer, 2014.
Θέματα:
Διαθέσιμο Online:Full Text via HEAL-Link
LEADER 02740nam a22004815i 4500
001 978-94-007-7963-1
003 DE-He213
005 20151204154536.0
007 cr nn 008mamaa
008 140423s2014 ne | s |||| 0|eng d
020 |a 9789400779631  |9 978-94-007-7963-1 
024 7 |a 10.1007/978-94-007-7963-1  |2 doi 
040 |d GrThAP 
050 4 |a QC770-798 
072 7 |a PHP  |2 bicssc 
072 7 |a SCI051000  |2 bisacsh 
082 0 4 |a 539.7  |2 23 
245 1 0 |a ISAC and ARIEL: The TRIUMF Radioactive Beam Facilities and the Scientific Program  |h [electronic resource] /  |c edited by Jens Dilling, Reiner Krücken, Lia Merminga. 
264 1 |a Dordrecht :  |b Springer Netherlands :  |b Imprint: Springer,  |c 2014. 
300 |a VII, 284 p. 146 illus.  |b online resource. 
336 |a text  |b txt  |2 rdacontent 
337 |a computer  |b c  |2 rdamedia 
338 |a online resource  |b cr  |2 rdacarrier 
347 |a text file  |b PDF  |2 rda 
505 0 |a From the contents: ISAC overview -- The TRIUMF 500 MeV cyclotron: the driver accelerator -- ISAC targets -- Rare isotope beams at ISAC—target & ion source systems -- Off line ion source terminal -- Charge state breeding of radioactive isotopes for ISAC -- ISAC LEBT -- The ISAC post-accelerator -- High energy beam lines -- The experimental facilities at ISAC. 
520 |a The TRIUMF Isotope Separator and Accelerator (ISAC) facility uses the isotope separation on-line (ISOL) technique to produce rare-isotope beams (RIB). The ISOL system consists of a primary production beam, a target/ion source, a mass separator, and beam transport system. The rare isotopes produced during the interaction of the proton beam with the target nucleus are stopped in the bulk of the target material. They diffuse inside the target material matrix to the surface of the grain and then effuse to the ion source where they are ionized to form an ion beam that can be separated by mass and then guided to the experimental facilities. Previously published in the journal Hyperfine Interactions. 
650 0 |a Physics. 
650 0 |a Nuclear physics. 
650 0 |a Particle acceleration. 
650 0 |a Materials science. 
650 1 4 |a Physics. 
650 2 4 |a Particle and Nuclear Physics. 
650 2 4 |a Particle Acceleration and Detection, Beam Physics. 
650 2 4 |a Characterization and Evaluation of Materials. 
700 1 |a Dilling, Jens.  |e editor. 
700 1 |a Krücken, Reiner.  |e editor. 
700 1 |a Merminga, Lia.  |e editor. 
710 2 |a SpringerLink (Online service) 
773 0 |t Springer eBooks 
776 0 8 |i Printed edition:  |z 9789400779624 
856 4 0 |u http://dx.doi.org/10.1007/978-94-007-7963-1  |z Full Text via HEAL-Link 
912 |a ZDB-2-PHA 
950 |a Physics and Astronomy (Springer-11651)